| 000 | 00633cam a2200217 4500 | ||
|---|---|---|---|
| 008 | 000000n2000 000 0 eng u | ||
| 020 | _a0273644971 | ||
| 035 | _a(Sirsi) u108544 | ||
| 050 | _a808.066 | ||
| 100 | _aJay, Ros | ||
| 245 | _aHow to write proposals and reports that get results. | ||
| 260 |
_aLondon _bPrentice Hall _c2000 |
||
| 300 | _avi,157p. ; 21cm. | ||
| 350 | _a9.99 | ||
| 490 | _aSmarter Solutions | ||
| 520 | _aOriginally written as a training guide to accompany the Video Arts video Report Writing. | ||
| 650 | _aBUSINESS WRITING | ||
| 650 | _aREPORT WRITING | ||
| 690 | _aMANAGEMENT | ||
| 942 | _n0 | ||
| 999 |
_c100813 _d100813 |
||